[Event "2. BUNDESLIGA MITTE 2018/2019"]
[Site "Grieskirchen, Friedberg/Sauwald, St. Veit, Deutschlandsberg"]
[Date "2018.10.21"]
[Round "3"]
[Board "1"]
[White "Korpa, Bence"]
[Black "Perunovic, Milos"]
[Result "1-0"]
[WhiteElo "2503"]
[BlackElo "2600"]
[PlyCount "103"]
[EventDate "2018.10.19"]
[EventType "team"]
[EventRounds "11"]
[EventCountry "AUT"]
[WhiteTeam "SPG Fuerstenfeld/Hartberg"]
[BlackTeam "SC Pinggau-Friedberg"]

1. c4 c5 2. Nf3 Nc6 3. d4 cxd4 4. Nxd4 Nf6 5. Nc3 e6 6. Bf4 d6 7. Nxc6 bxc6 8.
e4 e5 9. Be3 Be7 10. Be2 O-O 11. O-O a5 12. Qc2 Ng4 13. Bd2 Be6 14. h3 Nf6 15.
Rfd1 Rc8 16. Rac1 Qc7 17. b3 Qb7 18. Bf3 h6 19. Be3 Nd7 20. Na4 Rfd8 21. Qd2
Ra8 22. Qe2 c5 23. Nc3 Nb8 24. Bg4 Bxg4 25. Qxg4 Kh8 26. Qh5 Kg8 27. Nd5 Nc6
28. Bxh6 g6 29. Qg4 Nd4 30. Bg5 f5 31. exf5 gxf5 32. Nxe7+ Qxe7 33. Bxe7+ fxg4
34. Bxd8 Ne2+ 35. Kf1 Nxc1 36. Rxc1 Rxd8 37. hxg4 Kf7 38. Rc3 Kf6 39. Rd3 Kg5
40. f3 Kf6 41. Kf2 Ke6 42. Kg3 Rh8 43. f4 exf4+ 44. Kxf4 Rf8+ 45. Kg3 Ra8 46.
Re3+ Kf7 47. Rf3+ Kg6 48. Rd3 Ra6 49. a4 Rb6 50. Kf4 Ra6 51. g5 Rc6 52. Rg3  1-0

[Event "2. BUNDESLIGA MITTE 2018/2019"]
[Site "Grieskirchen, Friedberg/Sauwald, St. Veit, Deutschlandsberg"]
[Date "2018.10.21"]
[Round "3"]
[Board "2"]
[White "Ftacnik, Lubomir"]
[Black "Freitag, Manfred"]
[Result "1/2-1/2"]
[WhiteElo "2513"]
[BlackElo "2357"]
[PlyCount "65"]
[EventDate "2018.10.19"]
[EventType "team"]
[EventRounds "11"]
[EventCountry "AUT"]
[WhiteTeam "SC Pinggau-Friedberg"]
[BlackTeam "SPG Fuerstenfeld/Hartberg"]

1. Nf3 Nf6 2. c4 g6 3. Nc3 Bg7 4. e4 d6 5. d4 O-O 6. Be2 e5 7. O-O exd4 8. Nxd4
Re8 9. f3 c6 10. Kh1 Nbd7 11. Bg5 Qb6 12. Nb3 a5 13. Qd2 a4 14. Be3 Qd8 15. Nd4
Nc5 16. Rfd1 Nfd7 17. Rab1 Be5 18. g3 Qe7 19. b4 axb3 20. axb3 Bg7 21. b4 Na4
22. Nxa4 Rxa4 23. b5 c5 24. Nb3 Bf8 25. Qc2 Ra8 26. Bf4 Ne5 27. Nd2 Bg7 28. Nf1
g5 29. Bc1 g4 30. Nd2 gxf3 31. Nxf3 b6 32. Nh4 Ng6 33. Bf3  1/2-1/2

[Event "2. BUNDESLIGA MITTE 2018/2019"]
[Site "Grieskirchen, Friedberg/Sauwald, St. Veit, Deutschlandsberg"]
[Date "2018.10.21"]
[Round "3"]
[Board "3"]
[White "Csonka, Attila"]
[Black "Milanovic, Danilo"]
[Result "0-1"]
[WhiteElo "2375"]
[BlackElo "2493"]
[PlyCount "90"]
[EventDate "2018.10.19"]
[EventType "team"]
[EventRounds "11"]
[EventCountry "AUT"]
[WhiteTeam "SPG Fuerstenfeld/Hartberg"]
[BlackTeam "SC Pinggau-Friedberg"]

1. e4 d5 2. exd5 Qxd5 3. Nc3 Qd6 4. d4 Nf6 5. Nf3 c6 6. Ne5 Be6 7. Bf4 Qd8 8.
Be2 g6 9. Qd2 Nbd7 10. h4 Bg7 11. h5 gxh5 12. Bxh5 Nxh5 13. Rxh5 Nf6 14. Rh1
Qa5 15. a3 O-O-O 16. O-O-O c5 17. Qe3 Ng4 18. Qf3 Nxe5 19. dxe5 Rxd1+ 20. Rxd1
Rd8 21. Rxd8+ Qxd8 22. Qe3 Qd4 23. Qxd4 cxd4 24. Nb5 Bd5 25. g3 f6 26. Nxd4
fxe5 27. Nf5 Bf6 28. Bxe5 Kd7 29. Bxf6 exf6 30. Ne3 Bf3 31. Kd2 Ke6 32. c3 Ke5
33. Nc4+ Kd5 34. Na5 b6 35. Nb3 Ke4 36. Nd4 Bg4 37. Ke1 Kd3 38. f3 Bd7 39. Kf2
a5 40. Ke1 a4 41. Kf2 Be8 42. g4 Bf7 43. f4 Kd2 44. g5 fxg5 45. fxg5 Kc1  0-1

[Event "2. BUNDESLIGA MITTE 2018/2019"]
[Site "Grieskirchen, Friedberg/Sauwald, St. Veit, Deutschlandsberg"]
[Date "2018.10.21"]
[Round "3"]
[Board "4"]
[White "Schnider, Gert"]
[Black "Kiss, Attila"]
[Result "1/2-1/2"]
[WhiteElo "2424"]
[BlackElo "2329"]
[PlyCount "65"]
[EventDate "2018.10.19"]
[EventType "team"]
[EventRounds "11"]
[EventCountry "AUT"]
[WhiteTeam "SC Pinggau-Friedberg"]
[BlackTeam "SPG Fuerstenfeld/Hartberg"]

1. b3 e5 2. Bb2 Nc6 3. e3 Nf6 4. Nf3 e4 5. Nd4 Bc5 6. Nxc6 dxc6 7. d3 Bf5 8.
Nc3 Qe7 9. Qd2 O-O-O 10. O-O-O Bb4 11. Qe2 Rd7 12. dxe4 Rxd1+ 13. Nxd1 Bxe4 14.
f3 Bg6 15. e4 Rd8 16. g3 Kb8 17. c3 Bc5 18. Bg2 a5 19. Re1 a4 20. Nf2 Bxf2 21.
Qxf2 Nd7 22. Rd1 Ne5 23. Rxd8+ Qxd8 24. Qd2 Qe7 25. c4 f6 26. Qa5 axb3 27. Bxe5
fxe5 28. axb3 Qd6 29. Qd2 Qa3+ 30. Kc2 Qa2+ 31. Kc3 Qa1+ 32. Kc2 Qa2+ 33. Kc3
 1/2-1/2

[Event "2. BUNDESLIGA MITTE 2018/2019"]
[Site "Grieskirchen, Friedberg/Sauwald, St. Veit, Deutschlandsberg"]
[Date "2018.10.21"]
[Round "3"]
[Board "5"]
[White "Kuba, Guenter"]
[Black "Schieder, Andreas"]
[Result "1-0"]
[WhiteElo "2329"]
[BlackElo "2205"]
[PlyCount "53"]
[EventDate "2018.10.19"]
[EventType "team"]
[EventRounds "11"]
[EventCountry "AUT"]
[WhiteTeam "SPG Fuerstenfeld/Hartberg"]
[BlackTeam "SC Pinggau-Friedberg"]

1. e4 Nf6 2. e5 Nd5 3. c4 Nb6 4. d4 d6 5. exd6 exd6 6. Nc3 Nc6 7. h3 Bf5 8. a3
Qf6 9. Nf3 O-O-O 10. Be2 h6 11. O-O g5 12. d5 Ne5 13. Nxe5 dxe5 14. Be3 h5 15.
c5 Nd7 16. c6 Nb6 17. Bxb6 cxb6 18. Qa4 a5 19. b4 bxc6 20. dxc6 Bd3 21. Bxd3
Rxd3 22. Rac1 e4 23. bxa5 Rxc3 24. axb6 Rxa3 25. b7+ Kc7 26. b8=Q+ Kxb8 27. c7+
 1-0

[Event "2. BUNDESLIGA MITTE 2018/2019"]
[Site "Grieskirchen, Friedberg/Sauwald, St. Veit, Deutschlandsberg"]
[Date "2018.10.21"]
[Round "3"]
[Board "6"]
[White "Danner, Georg"]
[Black "Toelly, Michael"]
[Result "1-0"]
[WhiteElo "2330"]
[BlackElo "2092"]
[PlyCount "91"]
[EventDate "2018.10.19"]
[EventType "team"]
[EventRounds "11"]
[EventCountry "AUT"]
[WhiteTeam "SC Pinggau-Friedberg"]
[BlackTeam "SPG Fuerstenfeld/Hartberg"]

1. d4 Nf6 2. Bg5 d5 3. Nd2 Nbd7 4. e3 e5 5. Ngf3 e4 6. Ne5 h6 7. Bf4 Nxe5 8.
Bxe5 Be6 9. c4 c6 10. Qb3 Qb6 11. Bxf6 gxf6 12. Qxb6 axb6 13. cxd5 Bxd5 14. Bc4
Bb4 15. Bxd5 cxd5 16. Ke2 Bxd2 17. Kxd2 Kd7 18. Rhc1 Rhg8 19. g3 Rgc8 20. Rxc8
Rxc8 21. Rf1 f5 22. f3 Ke6 23. fxe4 fxe4 24. Rf4 Rg8 25. a4 f6 26. Rh4 Rg6 27.
Kc3 f5 28. Kb4 Kd7 29. Rf4 Rc6 30. Rxf5 Rc2 31. Rxd5+ Kc7 32. Re5 Rxb2+ 33. Kc4
Rxh2 34. Rxe4 Ra2 35. Re7+ Kc8 36. Kd5 Rxa4 37. e4 b5 38. Rh7 Ra3 39. e5 b4 40.
e6 b3 41. Rh8+ Kc7 42. e7 Ra5+ 43. Kc4 b2 44. e8=Q b5+ 45. Kc3 b1=Q 46. Qf7+
 1-0

[Event "2. BUNDESLIGA MITTE 2018/2019"]
[Site "Grieskirchen, Friedberg/Sauwald, St. Veit, Deutschlandsberg"]
[Date "2018.11.24"]
[Round "4"]
[Board "1"]
[White "Leisch, Lukas"]
[Black "Schwabeneder, Florian"]
[Result "1/2-1/2"]
[WhiteElo "2338"]
[BlackElo "2430"]
[PlyCount "68"]
[EventDate "2018.10.19"]
[EventType "team"]
[EventRounds "11"]
[EventCountry "AUT"]
[WhiteTeam "Freistadt/Wartberg"]
[BlackTeam "SPK Grieskirchen/Schallerbach"]

1. c4 Nf6 2. Nc3 c5 3. g3 g6 4. Bg2 Bg7 5. e3 O-O 6. Nge2 d6 7. O-O Nc6 8. d4
Bd7 9. b3 a6 10. Bb2 Rb8 11. Qd2 cxd4 12. Nxd4 Nxd4 13. Qxd4 b5 14. cxb5 axb5
15. Nd5 Ne8 16. Qd2 Bxb2 17. Qxb2 Nc7 18. Nxc7 Qxc7 19. Qd2 b4 20. Rfc1 Qb6 21.
Rc4 Rfc8 22. Rac1 Rxc4 23. Rxc4 Qa5 24. Re4 Be6 25. h4 Qc5 26. Rd4 Qc3 27. Qxc3
bxc3 28. Rd1 Rb5 29. Rc1 Ra5 30. Rc2 d5 31. Rxc3 Rxa2 32. Rd3 Rb2 33. Bxd5 Bxd5
34. Rxd5 Rxb3  1/2-1/2

[Event "2. BUNDESLIGA MITTE 2018/2019"]
[Site "Grieskirchen, Friedberg/Sauwald, St. Veit, Deutschlandsberg"]
[Date "2018.11.24"]
[Round "4"]
[Board "2"]
[White "Haba, Petr"]
[Black "Koller, Hans-Juergen"]
[Result "1-0"]
[WhiteElo "2445"]
[BlackElo "2163"]
[PlyCount "71"]
[EventDate "2018.10.19"]
[EventType "team"]
[EventRounds "11"]
[EventCountry "AUT"]
[WhiteTeam "SPK Grieskirchen/Schallerbach"]
[BlackTeam "Freistadt/Wartberg"]

1. e4 g6 2. d4 Bg7 3. Nc3 c5 4. Nf3 cxd4 5. Nxd4 Nc6 6. Be3 Nf6 7. Bc4 d6 8. f3
Bd7 9. Qd2 Rc8 10. Bb3 a6 11. O-O-O Na5 12. Kb1 b5 13. g4 Nc4 14. Bxc4 Rxc4 15.
g5 Nh5 16. Nce2 a5 17. Ng3 Nxg3 18. hxg3 Qc7 19. Ne2 O-O 20. Nf4 Rc8 21. Nd5
Qd8 22. Rc1 Be6 23. Nb6 Rb4 24. c3 Rbc4 25. Nxc8 Qxc8 26. Bd4 f6 27. gxf6 exf6
28. g4 Bf7 29. b3 Rc6 30. g5 a4 31. gxf6 Bf8 32. Rxh7 Kxh7 33. Rh1+ Kg8 34. Qh2
Bg7 35. Qh7+ Kf8 36. Qxg7+  1-0

[Event "2. BUNDESLIGA MITTE 2018/2019"]
[Site "Grieskirchen, Friedberg/Sauwald, St. Veit, Deutschlandsberg"]
[Date "2018.11.24"]
[Round "4"]
[Board "3"]
[White "Mayerhofer, Peter"]
[Black "Kilgus, Georg"]
[Result "1/2-1/2"]
[WhiteElo "2181"]
[BlackElo "2436"]
[PlyCount "118"]
[EventDate "2018.10.19"]
[EventType "team"]
[EventRounds "11"]
[EventCountry "AUT"]
[WhiteTeam "Freistadt/Wartberg"]
[BlackTeam "SPK Grieskirchen/Schallerbach"]

1. e4 g6 2. d4 Bg7 3. Nc3 d6 4. f4 Nc6 5. Be3 Nf6 6. Nf3 O-O 7. Bd3 e6 8. Qd2
a6 9. a4 b6 10. h3 Nb4 11. O-O Nxd3 12. cxd3 c5 13. Qf2 Bb7 14. a5 cxd4 15.
Bxd4 bxa5 16. Bb6 Qe7 17. Rxa5 Nd7 18. Bd4 e5 19. Be3 exf4 20. Bxf4 Ne5 21. Nd5
Qd8 22. Bxe5 dxe5 23. b4 Qd6 24. Qc5 Rfd8 25. Ng5 Bxd5 26. exd5 Qxc5+ 27. Rxc5
Rd7 28. Ra5 h6 29. Ne4 f5 30. Nd2 Bf8 31. Ra4 Rxd5 32. Nc4 Rb5 33. Re1 Rxb4 34.
Rxb4 Bxb4 35. Rxe5 Kf7 36. Kf1 Kf6 37. Re2 a5 38. Ra2 h5 39. Ke2 Re8+ 40. Kf3
g5 41. Ra1 g4+ 42. hxg4 hxg4+ 43. Kf2 Ra8 44. Ke2 f4 45. d4 a4 46. Nb6 Re8+ 47.
Kd3 Bd6 48. Rxa4 Re3+ 49. Kc4 Re2 50. Kd5 Bc7 51. Nd7+ Kf5 52. Ra7 Bd8 53. Ne5
Rxg2 54. Rf7+ Kg5 55. Rg7+ Kh4 56. Rh7+ Kg3 57. Rg7 Kh4 58. Ng6+ Kg3 59. Ne5
Kh4  1/2-1/2

[Event "2. BUNDESLIGA MITTE 2018/2019"]
[Site "Grieskirchen, Friedberg/Sauwald, St. Veit, Deutschlandsberg"]
[Date "2018.11.24"]
[Round "4"]
[Board "4"]
[White "Singer, Christoph"]
[Black "Rechberger, Franz"]
[Result "1-0"]
[WhiteElo "2347"]
[BlackElo "2115"]
[PlyCount "115"]
[EventDate "2018.10.19"]
[EventType "team"]
[EventRounds "11"]
[EventCountry "AUT"]
[WhiteTeam "SPK Grieskirchen/Schallerbach"]
[BlackTeam "Freistadt/Wartberg"]

1. e4 e5 2. Nf3 Nc6 3. Bc4 Nf6 4. d3 Be7 5. O-O O-O 6. Re1 d6 7. a4 Kh8 8. Nc3
Ng8 9. Nd5 f5 10. h3 Nf6 11. Ng5 Nxd5 12. Nxh7 Nf6 13. Nxf6 g6 14. Nd5 f4 15.
Nxe7 Qxe7 16. f3 Qg5 17. Kf1 Qg3 18. c3 Bxh3 19. Qe2 Qh2 20. Qf2 Bd7 21. g4
fxg3 22. Qxh2+ gxh2 23. Kg2 Kg7 24. Rh1 Rh8 25. Rxh2 Rxh2+ 26. Kxh2 Rf8 27. Kg2
Nd8 28. Be3 Ne6 29. Bxe6 Bxe6 30. Bxa7 Ra8 31. Be3 Bb3 32. a5 Ra6 33. Ra3 Bc2
34. d4 Kf6 35. b4 Bd3 36. Kf2 Bc4 37. Ra1 Bb5 38. c4 Bxc4 39. Rc1 d5 40. exd5
Bxd5 41. Rxc7 Rc6 42. Rd7 Rc2+ 43. Kg3 Ke6 44. Rd8 Bc6 45. dxe5 Kxe5 46. Bd4+
Ke6 47. Bc5 Rc3 48. a6 Bxf3 49. a7 b5 50. Kf4 Ra3 51. Rd6+ Kf7 52. Ke5 Kg7 53.
Bd4 Bg2 54. Rd8 Kh6 55. Rh8+ Kg5 56. Rb8 Kg4 57. Rxb5 g5 58. Rb8  1-0

[Event "2. BUNDESLIGA MITTE 2018/2019"]
[Site "Grieskirchen, Friedberg/Sauwald, St. Veit, Deutschlandsberg"]
[Date "2018.11.24"]
[Round "4"]
[Board "5"]
[White "Oberngruber, Thomas"]
[Black "Salvenmoser, Stefan"]
[Result "1/2-1/2"]
[WhiteElo "2112"]
[BlackElo "2242"]
[PlyCount "61"]
[EventDate "2018.10.19"]
[EventType "team"]
[EventRounds "11"]
[EventCountry "AUT"]
[WhiteTeam "Freistadt/Wartberg"]
[BlackTeam "SPK Grieskirchen/Schallerbach"]

1. e4 c5 2. Nc3 e6 3. Nf3 Nc6 4. d4 cxd4 5. Nxd4 Qc7 6. a3 a6 7. Be3 Nf6 8. Be2
b5 9. Nxc6 dxc6 10. f4 e5 11. f5 Bb7 12. Bf3 Rd8 13. Qe2 c5 14. Bg5 Be7 15.
Bxf6 Bxf6 16. Nd5 Bxd5 17. exd5 O-O 18. Be4 c4 19. O-O Rd6 20. Kh1 Rb8 21. a4
Qc5 22. axb5 axb5 23. Ra2 Bd8 24. Qf2 Qd4 25. Qf3 Bb6 26. Rd1 Qc5 27. Qg3 Re8
28. Qf3 Rdd8 29. Rda1 Rb8 30. h3 Qe7 31. Rf1  1/2-1/2

[Event "2. BUNDESLIGA MITTE 2018/2019"]
[Site "Grieskirchen, Friedberg/Sauwald, St. Veit, Deutschlandsberg"]
[Date "2018.11.24"]
[Round "4"]
[Board "6"]
[White "Obermayr, Hermann"]
[Black "Grabner, Hermann"]
[Result "1-0"]
[WhiteElo "2145"]
[BlackElo "1921"]
[PlyCount "75"]
[EventDate "2018.10.19"]
[EventType "team"]
[EventRounds "11"]
[EventCountry "AUT"]
[WhiteTeam "SPK Grieskirchen/Schallerbach"]
[BlackTeam "Freistadt/Wartberg"]

1. d4 f5 2. g3 Nf6 3. Bg2 g6 4. Nf3 Bg7 5. O-O O-O 6. b3 d6 7. Bb2 Qe8 8. Nbd2
e5 9. dxe5 Ng4 10. Nc4 Nxe5 11. Nfxe5 dxe5 12. Nxe5 c6 13. Nc4 Bxb2 14. Nxb2
Be6 15. Qd4 Rf7 16. Rad1 Nd7 17. Nd3 Nb6 18. Nc5 Re7 19. c4 Qf7 20. a4 Bc8 21.
e4 Nd7 22. exf5 Qxf5 23. Ne4 Qe5 24. Qd2 Qg7 25. Rfe1 Nf8 26. Qd6 Rf7 27. Qd8
h6 28. Rd6 Kh8 29. c5 Kh7 30. Nf6+ Kh8 31. h4 h5 32. Re8 a6 33. Bf1 Bd7 34.
Qxa8 Bxe8 35. Nxe8 Qb2 36. Nf6 Rxf6 37. Rxf6 Qxf6 38. Qxb7  1-0

[Event "2. BUNDESLIGA MITTE 2018/2019"]
[Site "Grieskirchen, Friedberg/Sauwald, St. Veit, Deutschlandsberg"]
[Date "2018.11.24"]
[Round "4"]
[Board "1"]
[White "Schmidt, Peter"]
[Black "Halvax, Georg"]
[Result "1/2-1/2"]
[WhiteElo "2399"]
[BlackElo "2421"]
[PlyCount "66"]
[EventDate "2018.10.19"]
[EventType "team"]
[EventRounds "11"]
[EventCountry "AUT"]
[WhiteTeam "SPG Sauwald"]
[BlackTeam "SC MPOE Maria Saal II"]

1. Nf3 Nf6 2. g3 d5 3. Bg2 e6 4. O-O Be7 5. d4 O-O 6. c4 dxc4 7. Ne5 Nc6 8.
Bxc6 bxc6 9. Nxc6 Qe8 10. Nxe7+ Qxe7 11. Na3 Rd8 12. Qc2 c5 13. dxc5 Qxc5 14.
Nxc4 Ba6 15. b3 Bxc4 16. Bb2 Rdc8 17. bxc4 Qxc4 18. Qxc4 Rxc4 19. Rfc1 Rac8 20.
Rxc4 Rxc4 21. Rc1 Rxc1+ 22. Bxc1 Nd5 23. Bd2 f6 24. e4 Nb6 25. Kf1 Kf7 26. Ke2
Ke7 27. Kd3 Kd6 28. g4 g6 29. Be3 Nc8 30. f4 Kc6 31. Bd2 Nb6 32. Bc3 Nd7 33.
Kc4 e5  1/2-1/2

[Event "2. BUNDESLIGA MITTE 2018/2019"]
[Site "Grieskirchen, Friedberg/Sauwald, St. Veit, Deutschlandsberg"]
[Date "2018.11.24"]
[Round "4"]
[Board "2"]
[White "Handler, Lukas"]
[Black "Renner, Christoph"]
[Result "1-0"]
[WhiteElo "2415"]
[BlackElo "2317"]
[PlyCount "123"]
[EventDate "2018.10.19"]
[EventType "team"]
[EventRounds "11"]
[EventCountry "AUT"]
[WhiteTeam "SC MPOE Maria Saal II"]
[BlackTeam "SPG Sauwald"]

1. d4 f5 2. e4 fxe4 3. Nc3 Nf6 4. Bg5 g6 5. h4 d5 6. h5 Bf5 7. Bxf6 exf6 8. g4
Be6 9. hxg6 Qd7 10. g5 fxg5 11. Qh5 Bg7 12. gxh7+ Qf7 13. Nb5 Qxh5 14. Rxh5 Na6
15. c4 O-O-O 16. cxd5 Bxd5 17. a3 Kb8 18. Nc3 Bf7 19. Rh1 Bg6 20. Bxa6 bxa6 21.
Nge2 Rxh7 22. Rxh7 Bxh7 23. O-O-O Rf8 24. Rh1 Bg6 25. Rh2 Rf3 26. Kd2 Rd3+ 27.
Ke1 Bxd4 28. Nxd4 Rxd4 29. Rg2 Bh5 30. Rxg5 Bf3 31. Rd5 Rc4 32. Rd8+ Kb7 33.
Kd2 Rc6 34. Ke3 Rb6 35. Rd2 Re6 36. Rc2 a5 37. Nd5 c6 38. Nc3 Kb6 39. Rd2 Bg2
40. Rd7 Rf6 41. Re7 Rf3+ 42. Ke2 Rd3 43. Re5 Bf3+ 44. Ke1 Rd8 45. Rg5 Rd4 46.
Rf5 Ka6 47. Rg5 Rd3 48. Rc5 Kb6 49. Na4+ Kc7 50. Rc1 Kd6 51. Nc3 Ke5 52. Nb1
Rb3 53. Nd2 Rb5 54. Rc2 Kd4 55. Nf1 Bg4 56. Ne3 Bd7 57. Rd2+ Kc5 58. Rxd7 Rxb2
59. Rxa7 Rb1+ 60. Kd2 Kb6 61. Re7 Rb3 62. Rxe4  1-0

[Event "2. BUNDESLIGA MITTE 2018/2019"]
[Site "Grieskirchen, Friedberg/Sauwald, St. Veit, Deutschlandsberg"]
[Date "2018.11.24"]
[Round "4"]
[Board "3"]
[White "Testor, Sebastian"]
[Black "Tomazini, Zan"]
[Result "1/2-1/2"]
[WhiteElo "2293"]
[BlackElo "2431"]
[PlyCount "73"]
[EventDate "2018.10.19"]
[EventType "team"]
[EventRounds "11"]
[EventCountry "AUT"]
[WhiteTeam "SPG Sauwald"]
[BlackTeam "SC MPOE Maria Saal II"]

1. d4 Nf6 2. Nf3 e6 3. c4 Bb4+ 4. Nbd2 d6 5. g3 Nbd7 6. Bg2 e5 7. a3 Bxd2+ 8.
Bxd2 O-O 9. Qc2 Re8 10. O-O e4 11. Ng5 Qe7 12. f3 c5 13. dxc5 dxc5 14. Nxe4
Nxe4 15. Qxe4 Qxe4 16. fxe4 Ne5 17. b3 Bg4 18. Bf3 Bd7 19. Bc3 Bc6 20. Rad1 Re7
21. Rd2 Rae8 22. Rfd1 f6 23. Rd8 Kf7 24. Bh5+ g6 25. Rxe8 Kxe8 26. Bf3 Nd7 27.
Kf2 Bxe4 28. Rd6 f5 29. a4 Bc2 30. b4 Bxa4 31. Bxb7 Nb6 32. bxc5 Rxb7 33. cxb6
axb6 34. Bd4 Bb3 35. Rxb6 Rxb6 36. Bxb6 Bxc4 37. h4  1/2-1/2

[Event "2. BUNDESLIGA MITTE 2018/2019"]
[Site "Grieskirchen, Friedberg/Sauwald, St. Veit, Deutschlandsberg"]
[Date "2018.11.24"]
[Round "4"]
[Board "4"]
[White "Kreisl, Robert"]
[Black "Taggatz, Mario"]
[Result "1/2-1/2"]
[WhiteElo "2427"]
[BlackElo "2210"]
[PlyCount "81"]
[EventDate "2018.10.19"]
[EventType "team"]
[EventRounds "11"]
[EventCountry "AUT"]
[WhiteTeam "SC MPOE Maria Saal II"]
[BlackTeam "SPG Sauwald"]

1. e4 e6 2. Nf3 d5 3. exd5 exd5 4. d4 Bd6 5. c4 dxc4 6. Bxc4 Nf6 7. Qe2+ Qe7 8.
Qxe7+ Bxe7 9. O-O Nbd7 10. Re1 Nb6 11. Bb3 Nfd5 12. Nc3 Be6 13. Bg5 Rd8 14.
Bxe7 Kxe7 15. Ne4 Kf8 16. Nc5 Bc8 17. Re5 g6 18. Rae1 Kg7 19. a3 h6 20. h4 Rhf8
21. Ba2 Nf6 22. Ne4 Bg4 23. Nxf6 Kxf6 24. R1e4 Bxf3 25. Rf4+ Kg7 26. gxf3 h5
27. Rfe4 Rd7 28. f4 Nc8 29. d5 Nd6 30. Ra4 a6 31. Bb1 Re8 32. Kg2 Rde7 33. Rxe7
Rxe7 34. Bd3 Kf6 35. Rb4 a5 36. Rb3 b6 37. Rc3 Rd7 38. Kf3 Ke7 39. b4 axb4 40.
axb4 Kf6 41. Rc6  1/2-1/2

[Event "2. BUNDESLIGA MITTE 2018/2019"]
[Site "Grieskirchen, Friedberg/Sauwald, St. Veit, Deutschlandsberg"]
[Date "2018.11.24"]
[Round "4"]
[Board "5"]
[White "Hiermann, Dietmar"]
[Black "Tomazini, Aljosa"]
[Result "0-1"]
[WhiteElo "2203"]
[BlackElo "2388"]
[PlyCount "126"]
[EventDate "2018.10.19"]
[EventType "team"]
[EventRounds "11"]
[EventCountry "AUT"]
[WhiteTeam "SPG Sauwald"]
[BlackTeam "SC MPOE Maria Saal II"]

1. e4 c5 2. Nf3 e6 3. d4 cxd4 4. Nxd4 Nc6 5. Nc3 Qc7 6. f4 a6 7. Be3 Bb4 8. Qg4
Nge7 9. Nxc6 Qxc6 10. Qxg7 Rg8 11. Qd4 Bxc3+ 12. bxc3 b5 13. Rg1 Bb7 14. Bd3
Rc8 15. Bd2 f5 16. exf5 Nxf5 17. Bxf5 exf5 18. O-O-O Qc4 19. Qe5+ Qe6 20. Rde1
Kf7 21. Qxe6+ dxe6 22. g3 Rc4 23. Re3 Be4 24. a3 h5 25. Rd1 Rd8 26. Be1 Rxd1+
27. Kxd1 Ra4 28. c4 Rxc4 29. Rc3 Rd4+ 30. Kc1 Rd7 31. Bf2 Bd5 32. Rc8 Bf3 33.
Rc3 Rd1+ 34. Kb2 Be4 35. Bb6 Rd2 36. h4 Ke8 37. Ba5 Rg2 38. Bb4 Kd7 39. Kc1 Bd5
40. Kb2 Bc4 41. a4 Kc6 42. axb5+ axb5 43. Re3 Bd5 44. Rc3+ Kb6 45. Bc5+ Kb7 46.
Bb4 Re2 47. Bd6 Bc4 48. Kc1 Kc6 49. Bf8 Kd5 50. Kd1 Rg2 51. Kc1 Rf2 52. Ra3 Ke4
53. Ra7 Rg2 54. Rg7 Kf3 55. Rg5 Rxg3 56. Be7 Rxg5 57. fxg5 Ke4 58. Kd2 e5 59.
Ke1 f4 60. g6 Kf5 61. g7 e4 62. c3 e3 63. Bc5 Ke4  0-1

[Event "2. BUNDESLIGA MITTE 2018/2019"]
[Site "Grieskirchen, Friedberg/Sauwald, St. Veit, Deutschlandsberg"]
[Date "2018.11.24"]
[Round "4"]
[Board "6"]
[White "Hartl, Daniel"]
[Black "Hellmayr, Alois"]
[Result "1/2-1/2"]
[WhiteElo "2271"]
[BlackElo "2283"]
[PlyCount "88"]
[EventDate "2018.10.19"]
[EventType "team"]
[EventRounds "11"]
[EventCountry "AUT"]
[WhiteTeam "SC MPOE Maria Saal II"]
[BlackTeam "SPG Sauwald"]

1. d4 Nf6 2. c4 e6 3. g3 Bb4+ 4. Bd2 a5 5. Bg2 O-O 6. e4 d6 7. Ne2 e5 8. d5 c6
9. Nbc3 cxd5 10. cxd5 Bd7 11. O-O b5 12. h3 a4 13. a3 Bc5 14. Na2 Na6 15. Qe1
Rc8 16. Kh2 Bb6 17. Nb4 Nc5 18. Nc1 Re8 19. Qe2 Qe7 20. Bc3 Rc7 21. Nc6 Bxc6
22. dxc6 Rxc6 23. Qxb5 Qc7 24. Nd3 Nxd3 25. Qxd3 Rc8 26. Rad1 Ba5 27. Bxa5 Qxa5
28. Rd2 h6 29. Rfd1 Qc5 30. b4 axb3 31. Qxb3 Ra8 32. a4 Rb6 33. Qd3 Rxa4 34.
Rc2 Qd4 35. Rc8+ Kh7 36. Qe2 Qb4 37. Rc7 Rb7 38. Rxb7 Qxb7 39. Rxd6 Qb4 40. Qd3
Ra2 41. Rc6 Rxf2 42. Rc2 Qxe4 43. Qxe4+ Nxe4 44. Kg1 Rxg2+  1/2-1/2

[Event "2. BUNDESLIGA MITTE 2018/2019"]
[Site "Grieskirchen, Friedberg/Sauwald, St. Veit, Deutschlandsberg"]
[Date "2018.11.24"]
[Round "4"]
[Board "1"]
[White "Kociscak, Jiri"]
[Black "Flumbort, Andras"]
[Result "1/2-1/2"]
[WhiteElo "2496"]
[BlackElo "2452"]
[PlyCount "97"]
[EventDate "2018.10.19"]
[EventType "team"]
[EventRounds "11"]
[EventCountry "AUT"]
[WhiteTeam "SV Steyregg"]
[BlackTeam "ASK St.Valentin"]

1. d4 Nf6 2. c4 g6 3. Nf3 Bg7 4. g3 O-O 5. Bg2 c6 6. O-O d5 7. Nbd2 a5 8. e3 a4
9. Qe2 Bf5 10. h3 Ne4 11. Rd1 Nxd2 12. Bxd2 Be4 13. Bc3 dxc4 14. Qxc4 Qd5 15.
Qxd5 Bxd5 16. Re1 Be4 17. Rac1 Na6 18. Nd2 Bxg2 19. Kxg2 Nc7 20. Bb4 Rfe8 21.
Nc4 Nd5 22. Bc5 Ra6 23. e4 Nc7 24. Red1 Nb5 25. Kf3 Kf8 26. Ke3 Rb8 27. Nb6 Ke8
28. Rc4 a3 29. b3 Rd8 30. Rd3 e5 31. dxe5 Bxe5 32. Rxd8+ Kxd8 33. Rc2 Bc7 34.
Rd2+ Ke8 35. Nd7 Bd8 36. Ne5 f6 37. Nc4 Bc7 38. Bd6 Bxd6 39. Nxd6+ Nxd6 40.
Rxd6 Ke7 41. Rd3 Ra5 42. Kd4 f5 43. exf5 Rxf5 44. f4 Rh5 45. g4 Rd5+ 46. Kc4
b5+ 47. Kc3 Rxd3+ 48. Kxd3 c5 49. b4  1/2-1/2

[Event "2. BUNDESLIGA MITTE 2018/2019"]
[Site "Grieskirchen, Friedberg/Sauwald, St. Veit, Deutschlandsberg"]
[Date "2018.11.24"]
[Round "4"]
[Board "2"]
[White "Sandhoefner, Florian"]
[Black "Velicka, Petr"]
[Result "1/2-1/2"]
[WhiteElo "2310"]
[BlackElo "2430"]
[PlyCount "101"]
[EventDate "2018.10.19"]
[EventType "team"]
[EventRounds "11"]
[EventCountry "AUT"]
[WhiteTeam "ASK St.Valentin"]
[BlackTeam "SV Steyregg"]

1. e4 e5 2. Nf3 Nc6 3. Nc3 Nf6 4. d4 Bb4 5. Nxe5 Qe7 6. Nxc6 Qxe4+ 7. Be2 dxc6
8. O-O Bxc3 9. bxc3 O-O 10. Bd3 Qh4 11. c4 Re8 12. Bb2 Bd7 13. Qf3 Ne4 14. Rfe1
f5 15. d5 Ng5 16. Qg3 Qxg3 17. hxg3 g6 18. Be5 Rac8 19. Bf4 Nf7 20. Rxe8+ Bxe8
21. Re1 Kf8 22. Be3 b6 23. dxc6 Bxc6 24. c5 b5 25. Bf4 Bd7 26. c4 b4 27. Rb1 a5
28. a3 bxa3 29. Ra1 a4 30. Rxa3 Nd8 31. Bc2 Ne6 32. Ra2 Bc6 33. Bxa4 Bxa4 34.
Rxa4 Nxc5 35. Ra7 Ne6 36. Be3 Ke7 37. f4 Rb8 38. Kf2 Rb2+ 39. Kf3 Rc2 40. c5
Kd7 41. Ra5 Kc6 42. Ra8 Ng7 43. Rh8 Nh5 44. g4 fxg4+ 45. Kxg4 Nf6+ 46. Kf3 Rc3
47. Ke2 Rc2+ 48. Kf3 Rc3 49. Ke2 Rc2+ 50. Kf3 Rc3 51. Ke2  1/2-1/2